| 000 | 00799cam a22002291 4500 | ||
|---|---|---|---|
| 999 |
_c57685 _d57685 |
||
| 001 | 745886 | ||
| 005 | 20211101125425.0 | ||
| 008 | 880212s2012 nyu 000 0 eng | ||
| 010 | _a 20012205 | ||
| 020 | _a9781840226867 | ||
| 041 | 0 | _aeng | |
| 080 | _a159.964.2 F-84 | ||
| 100 | 1 |
_aFreud, Sigmund _d _99435 |
|
| 245 | 1 | 2 |
_aA general introduction to psychoanalysis / _cAuthorized translation by Stanley Hall, Stephen Wilson. |
| 264 |
_aHertfordshire : _bWordsworth Editions, _c2012. |
||
| 300 |
_a406 p. _b 21 cm. |
||
| 500 | _aTranslation of Vorlesungen zur einführung in die psychoanalyse. | ||
| 653 | _aფსიქოლოგია | ||
| 653 | _aფსიქოანალიტიკა | ||
| 700 |
_aStanley, G. Hall _eმთარგმნელი _99437 |
||
| 942 |
_2udc _cBK |
||